000 00732nas a2200229 4500
001 BR6500344
003 BR-BrBNA
005 20231205082221.0
007 ta
008 230509b bl.|||p| |||| 00| 00por d
040 _aBR-BrBNA
_bpor
_cBiblioteca Nacional de Agricultura
041 _a(Pt)
072 _aH10
100 1 _aMariconi, F.A.M.
245 1 _aAspectos ecologicos e bionomicos das sauvas da regiao oriental do estado de Sao Paulo [Brasil]
650 _aSAUVA
650 _aECOLOGIA ANIMAL
650 _aSAO PAULO
773 0 _tAnais da Escola Superior de Agricultura Luiz de Queiroz (Brazil)
_xISSN 0071-1276
_g(1965), v. 22 p.213-232
_wBR6500344
909 _a202311
_bLúcia
_c55
_dLúcia Elande
942 _2AGRIS
_n0
_cANA
999 _c90051
_d90051